| 000 | 00347nam a2200145Ia 4500 | ||
|---|---|---|---|
| 008 | 150201s2004 xx 000 0 und d | ||
| 082 |
_a616.462 _bU04G |
||
| 100 | _aGILL, GEOFF | ||
| 245 | _aUNSTALE AND BRITTLE DIABETES | ||
| 250 | _a1ST | ||
| 260 |
_bTAYLOR & FRANCIS _aLONDON _c2004 |
||
| 300 | _a1-312 | ||
| 650 | _aDIABETES | ||
| 942 |
_2ddc _cBK |
||
| 999 |
_c1757 _d1757 |
||